Asterix apud britannos /
Guardado en:
| Autor Principal: | |
|---|---|
| Otros Autores: | , |
| Formato: | Libro |
| Idioma: | Latin |
| Publicado: |
Delta ; Stuttgart,
1982.
|
| Materias: | |
| Etiquetas: |
Agregar Etiqueta
Sin Etiquetas, Sea el primero en etiquetar este registro!
|
| LEADER | 00734nam a22002295a 4500 | ||
|---|---|---|---|
| 001 | EHU.bham051195 | ||
| 008 | 230206s1982####gw############000#0#lat#d | ||
| 005 | 20230206081754.0 | ||
| 245 | 1 | 0 | |a Asterix apud britannos / |c composuit Renatus Goscinny ; pinxit Albertus Uderzo ; in Latinum convertit Carolus Rubricastellanus. |
| 260 | |a Delta ; |a Stuttgart, |c 1982. | ||
| 300 | |a 48 p. | ||
| 020 | |a 3770400593 | ||
| 100 | 1 | |a Goscinny, René. | |
| 700 | 1 | |a Uderzo, Albert, ilust. | |
| 700 | 1 | |a Rubricastellanus, Carolus, trad. | |
| 082 | 1 | 0 | |a 741.5 G676 |
| 653 | |a Latín | ||
| 653 | |a Historieta | ||
| 653 | |a Literatura francesa-historietas | ||
| 653 | |a Cómics | ||
| 651 | 7 | |a Galia | |
| 859 | |a AR-BHAM |b BIB. HUMANIDADES - General |h 741.5 |i G676 |p 28.23 | ||
